000 00580nam a2200205 i 4500
001 52491
003 ES-MaACL
005 20230906162606.0
007 t|
008 030829s1981 xxk ||||1| eng d
100 1 _aDavidson, Donald.
_942896
245 1 0 _aBibliographic control /
_cDonald Davidson.
250 _a2nd ed.
260 _aLondon :
_bClive Bingley,
_c[1981]
300 _a164 p. ;
_c22 cm.
490 1 _aCutlines of modern librarianship
830 0 _aCutlines of modern librarianship
_9230205
852 _aES-MaACL
_jL-137
_bR.106734
999 _c52491
_d52491